Denumerable Markov chains /
Guardado en:
| Autor Principal: | |
|---|---|
| Otros Autores: | , |
| Formato: | Libro |
| Idioma: | English |
| Publicado: |
New York :
Springer-Verlag,
c1976.
|
| Edición: | 2nd ed. |
| Series: | Graduate texts in mathematics ;
40 |
| Materias: | |
| Etiquetas: |
Agregar Etiqueta
Sin Etiquetas, Sea el primero en etiquetar este registro!
|
| LEADER | 00808pam a2200253 a 4500 | ||
|---|---|---|---|
| 001 | MAT.inmabb002948 | ||
| 008 | 760203s1976####nyu######b####001#0#eng## | ||
| 005 | 20130416114220.0 | ||
| 245 | 0 | 0 | |a Denumerable Markov chains / |c John G. Kemeny, J. Laurie Snell, Anthony W. Knapp. |
| 250 | |a 2nd ed. | ||
| 260 | |a New York : |b Springer-Verlag, |c c1976. | ||
| 300 | |a xii, 484 p. ; |c 24 cm. | ||
| 440 | 0 | |a Graduate texts in mathematics ; |v 40 | |
| 504 | |a Bibliografía: p. 471-477. | ||
| 510 | 4 | |a MR, |c 53 #11748 | |
| 020 | |a 0387901779 | ||
| 100 | 1 | |a Kemeny, John G. | |
| 700 | 1 | |a Snell, J. Laurie |q (James Laurie), |d 1925- | |
| 700 | 1 | |a Knapp, Anthony W. | |
| 650 | 0 | |a Markov processes. | |
| 084 | |a 60Jxx (60Gxx) |2 msc2000 | ||
| 010 | |a 76003535 | ||
| 040 | |a DLC |c DLC |d DLC | ||
| 859 | |h 60 |i K31d-2 |p A-4851 |b BIB. MATEMATICA | ||
